Kapitoly z pojistné teorie

Saved in:
Bibliographic Details
Main Author: Daňhel, Jaroslav
Format: Book
Language:Czech
Published: Praha VŠE, Nakladatelství Oeconomica 2002
Subjects:
Tags: Add Tag
No Tags, Be the first to tag this record!

MARC

LEADER 00000nam a2200000 4500
001 c143960
005 20221028113050.9
020 |a 80-245-0306-9 
041 0 |a cze 
044 |a CZ 
245 1 0 |a Kapitoly z pojistné teorie  |c Jaroslav Daňhel 
264 1 |a Praha  |b VŠE, Nakladatelství Oeconomica  |c 2002 
300 |a 139 s. 
610 2 0 |a poisťovníctvo 
610 2 0 |a poistenie 
610 2 0 |a risk management 
610 2 0 |a riziko 
610 2 0 |a financie podnikové 
610 2 0 |a poistenie podnikov 
610 2 0 |a financie verejné 
610 2 0 |a rovnováha peňažná 
610 2 0 |a poistenie rizikové 
610 2 0 |a trh poistný 
610 2 0 |a poisťovne 
610 2 0 |a poistenci 
610 2 0 |a riziko poistné 
610 2 0 |a zmluvy poistné 
610 2 0 |a plnenie poistné 
610 2 0 |a poistenie záujmov zahraničných 
610 2 0 |a zaistenie 
610 2 0 |a zaisťovatelia 
610 2 0 |a zaisťovne 
610 2 0 |a regulácia štátna 
610 2 0 |a poistenie neživotné 
610 2 0 |a poistenie zodpovednosti za škody 
610 2 0 |a poistenie životné 
610 2 0 |a Česko 
610 2 0 |a porovnanie medzinárodné 
100 1 |a Daňhel, Jaroslav